Derecho de necesidad (Registro nro. 160900)
[ vista simple ]
| 000 -LEADER | |
|---|---|
| fixed length control field | 01066nam a2200265 4500 |
| 008 - FIXED-LENGTH DATA ELEMENTS--GENERAL INFORMATION | |
| fixed length control field | A10218s1980 ag || 000 0 spa d |
| 035 ## - | |
| -- | 2054 |
| 040 ## - CATALOGING SOURCE | |
| Original cataloging agency | BUS |
| Modifying agency | vLex |
| 080 ## - | |
| -- | 343.226 |
| 080 ## - | |
| -- | 343.226 |
| 090 ## - | |
| -- | 2478 |
| -- | 2478 |
| 100 1# - MAIN ENTRY--PERSONAL NAME | |
| Personal name | Leonfanti, María Antonia. |
| 245 10 - TITLE STATEMENT | |
| Title | Derecho de necesidad |
| Medium | [Recurso electrónico] / |
| Statement of responsibility, etc | María Antonia Leonfanti. |
| 256 ## - | |
| -- | Servicio en línea. |
| 260 ## - PUBLICATION, DISTRIBUTION, ETC. (IMPRINT) | |
| Place of publication, distribution, etc | Buenos Aires |
| Name of publisher, distributor, etc | Astrea, |
| Date of publication, distribution, etc | 1980. |
| 300 ## - PHYSICAL DESCRIPTION | |
| Extent | 254 p. ; 20 cm. |
| 504 ## - BIBLIOGRAPHY, ETC. NOTE | |
| Bibliography, etc | Bibliogr. : p. 249-254. |
| 506 1# - RESTRICTIONS ON ACCESS NOTE | |
| Terms governing access | Contenido solo disponible en los productos indicados |
| Authorized users | vLex Global |
| -- | vLex Global (Academic Edition, excluding Law Schools) |
| -- | vLex Global (U.S. Academic Edition, Law Schools) |
| -- | vLex Global (U.S. Academic Edition, excluding Law Schools) |
| -- | vLex Global (Academic Edition, Law Schools) |
| 650 04 - SUBJECT ADDED ENTRY--TOPICAL TERM | |
| Topical term or geographic name as entry element | Necesidad (Derecho) - |
| Geographic subdivision | Argentina. |
| 650 04 - SUBJECT ADDED ENTRY--TOPICAL TERM | |
| Topical term or geographic name as entry element | Necesidad (Derecho) |
| 740 0# - | |
| -- | vLex Libros (Servicio en línea) |
| 856 40 - LOCALIZACIÓN Y ACCESO ELECTRÓNICO | |
| Identificador Uniforme del Recurso (URI/URL) | https://app.vlex.com/#/sources/derecho-necesidad-2054 |
| 942 ## - | |
| -- | RAA |
| 999 ## - | |
| -- | 160900 |
| -- | 160900 |
No hay ítems disponibles.